| 000 | 01351nam a22002897a 4500 | ||
|---|---|---|---|
| 003 | dpl | ||
| 005 | 20180818154914.0 | ||
| 008 | 180818b xxu||||| |||| 00| 0 eng d | ||
| 010 | _aB-005825 | ||
| 020 |
_c225.00 _a8171195393 |
||
| 035 | _aB-005825,B-005832 | ||
| 037 | _bCen Lib/Ret | ||
| 040 |
_aDPL _bHN _c0 |
||
| 082 |
_aउ _bमहाश्वे |
||
| 100 |
_aमहाश्वेता देवी _966468 |
||
| 245 |
_aझाँसी की रानी / _cमहाश्वेता देवी ; अनुवादक रमाशंकर द्रिवेदी |
||
| 246 |
_aJhansi ki rani _b by Mahasweta Devi ; anuvadak Rmashankar Drivedi |
||
| 260 |
_aनई दिल्ली _bराधा कृषण प्रकाशन _c2000 |
||
| 270 |
_a2/३८, अंसारी मार्ग दरिया गंज _bनई दिल्ली _e110002 |
||
| 300 |
_axix,255पृष्ठ. : _c21सेमी(सजिल्द) _bचित्र. |
||
| 650 |
_aहिंदी साहित्य _966469 |
||
| 650 |
_aहिंदी उपन्यास -एतिहासिक _942761 |
||
| 650 |
_aHindi literature _966470 |
||
| 650 |
_ahindi novel - historical _966471 |
||
| 700 |
_aद्रिवेदी, रमाशंकर _940 |
||
| 942 |
_2ddc _cHN _hउ _mमहाश्वे |
||
| 999 |
_c116425 _d116425 |
||